000 00491nam a2200205Ia 4500
003 OSt
005 20220924134326.0
006 a|||||r|||| 00| 0
007 ta
008 220923b |||||||| |||| 00| 0 snd d
024 _a273476
037 _cTextual
040 _aARTS
_cARTS
_bsnd
041 _2snd
_asnd
082 _aI1593,2NPAx, L6
245 0 _aAla munhiji dil thi jale
260 _c1976
942 _hI1593,2NPAx, L6
_cTEXL
_2CC
999 _c437041
_d437041